Ga door naar de inhoud

Функциональный анализ методические указания для вузов

Методические указания подготовлены на кафедре нелинейных колебаний факультета ПММ Воронежского государственного университета. Рекомендуется для студентов третьего курса специальности «Механика и математическое моделирование» факультета ПММ...

Volledige beschrijving

Bewaard in:
Bibliografische gegevens
Hoofdauteur: Белоусова Е. П.
Andere auteurs: Смагина Т. И.
Formaat: Книга
Taal:Russian
Gepubliceerd in: Воронеж ВГУ 2016
Online toegang:https://e.lanbook.com/book/165275
https://e.lanbook.com/img/cover/book/165275.jpg
Tags: Voeg label toe
Geen labels, Wees de eerste die dit record labelt!
LEADER 01373nam0a2200241 i 4500
001 165275
003 RuSpLAN
005 20221220174117.0
008 221220s2016 ru gs 000 0 rus
040 |a RuSpLAN 
041 0 |a rus 
044 |a ru 
245 0 0 |a Функциональный анализ  |b методические указания для вузов  |c Белоусова Е. П.,Смагина Т. И. 
260 |a Воронеж  |b ВГУ  |c 2016 
300 |a 25 с. 
504 |a Библиогр.: доступна в карточке книги, на сайте ЭБС Лань 
520 8 |a Методические указания подготовлены на кафедре нелинейных колебаний факультета ПММ Воронежского государственного университета. Рекомендуется для студентов третьего курса специальности «Механика и математическое моделирование» факультета ПММ 
521 8 |a Книга из коллекции ВГУ - Математика 
100 1 |a Белоусова Е. П. 
700 1 |a Смагина Т. И. 
856 4 |u https://e.lanbook.com/book/165275 
856 4 8 |u https://e.lanbook.com/img/cover/book/165275.jpg 
953 |a https://e.lanbook.com/img/cover/book/165275.jpg 
Cannot write session to /tmp/vufind_sessions/sess_37bvibb3db572te286s9ar646m